000 00533nam a22001937a 4500
003 MPLRDC
005 20220104200842.0
008 210129b ||||| |||| 00| 0 eng d
020 _a978-986-9335-300
082 _a572.2 CTX
100 _a陈天玺 CHEN TIEN-SHI
245 _a无国籍
_c冯秋玉 译
250 _a初版一刷
260 _a台湾
_b八旗文化, 远足文化事业股份有限公司
_c2016
300 _b
520 _a上架 2017-02-01
650 _a国籍;公民;公权
942 _cBK
_o572.2 CTX
999 _c66898
_d66888